Quizzes
Events
Quiz Creation
Community
Videos
Private Events
Remove Ads
Sign In
Join for FREE
Feedback
Dark Mode
Quiz Categories
Sports
Geography
Music
Movies
Television
Just For Fun
Miscellaneous
History
Literature
Language
Science
Gaming
Entertainment
Religion
Holiday
For Kids
Quiz Lab
Recent
Popular Today
Quiz Kudos Today
Editor Picks
Curator Picks
Quizzes by...
Day
Popularity
Type
Ratings
Length
Year
Community
Subscriptions
Recent Discussions
Orange Saloon
Badges
Playlists
Quests
Create
Leaderboards
Showdown
Live 5
Trivia Bingo
Activity
Puzzle Library
Sporcle Events
Private Events
Virtual Trivia
Globe League
Become a Host
Pub Owners
SporcleCon
Opinionation
Our Games
Videos
Blog
Mobile Apps
Partnerships
Remove Ads and Go Orange
Feedback
Music
Pop Music
The Beatles
Song
Album
Lyrics
Bands
Singers
Artist
Clip
Rock
Rap
Classical
Billboard
Country Music
Kpop
Taylor Swift
Music
Pop Music
The Beatles
Song
Album
Lyrics
Bands
Singers
Artist
Clip
Rock
Rap
Classical
Billboard
Country Music
Kpop
Taylor Swift
Random Quiz
Search Sporcle
×
Quiz Lab
Quiz Lab
Music
enlist
Type in answers that appear in a list
Type in answers that appear in a list
Classic
Best Score? Go Orange.
Ariana Grande tour setlists Stats
Can you name the Ariana Grande tour setlists?
By
bigbadstiles
10m
95 Questions
1,693 Plays
1,693 Plays
1,693 Plays
Comments
Comments
Give Quiz Kudos
Give Quiz Kudos
-
- Ratings
hide this ad
Replay
Link that replays current quiz
Next Quiz
Link to next quiz in quiz playlist
You Got
0%
They Got
Avg Score
63%
Avg Friend Score
Upgrade to see
Score Distribution
Jump to the score distribution portion of the page
Score
0/95
Timer
10:00
0
Plays Today
% Correct
Special Song
96.9%
Dangerous Woman
94.6%
Dangerous Woman
93.9%
God is a woman
93.1%
sweetener
91.9%
Break Free
91%
thank u, next
90.9%
Side to Side
90.8%
raindrops (an angel cried)
90.4%
Be Alright
90.2%
Problem
90.1%
Problem
90.1%
Be Alright
90%
Side to Side
89.7%
Break Free
89.6%
Break Free
89.6%
Into You (performed from March 18-October 16)
89.5%
The Way
88.9%
7 rings
88.9%
The Way
88.9%
One Last Time
88.5%
One Last Time
88.5%
One Last Time (performed from March 18-April 21)
88.4%
Right There (later replaced by 'December')
88.3%
break up with your girlfriend, i'm bored
88.2%
Into You
88.1%
bad idea
87.9%
no tears left to cry
86.6%
Right There
86.3%
Right There
86.3%
Honeymoon Avenue
85.7%
Honeymoon Avenue
85.7%
% Correct
Tattooed Heart (performed for the first time on June 10; later added to the setlist replacing 'Only 1'; later replaced by 'Santa Tell Me')
85.7%
successful
85.7%
Love Me Harder (performed from March 18-October 16)
85.7%
Bang Bang
85.5%
Bang Bang
85.5%
Break Your Heart Right Back (later replaced by 'Wit It This Christmas')
84.9%
Everyday
84.6%
R.E.M.
84.4%
Love Me Harder
84%
Love Me Harder
84%
breathin
84%
bloodline (performed from March 18-June 19)
83.9%
Baby I
83.6%
Baby I (added to the setlist on August 15)
83.6%
Greedy
82.6%
Moonlight
82%
NASA
81.4%
You'll Never Know (later replaced by 'True Love')
81%
Tattooed Heart
81%
Break Your Heart Right Back
81%
Tattooed Heart
80.9%
Let Me Love You
80.9%
needy
80.3%
fake smile
80%
goodnight n go (later replaced by 'get well soon')
79.8%
make up
79.6%
the light is coming
78.9%
Piano
78.8%
Touch It
78.7%
Leave Me Lonely
78.4%
everytime
78.1%
Bad Decisions
78.1%
% Correct
My Everything
77.5%
get well soon (replacing 'goodnight n go'; later replaced by 'Only 1')
77.2%
Sometimes
76.7%
Focus (added to the setlist on May 8)
74%
You'll Never Know
73.2%
Be My Baby
72.9%
Thinking Bout You
72.9%
Only 1 (replacing 'get well soon'; later replaced by 'Tattooed Heart')
71.7%
Best Mistake
71.6%
Hands On Me
71.4%
Forever Boy
70.7%
Why Try (performed from February 25-October 15)
70.2%
Almost Is Never Enough
69.3%
I Don't Care
68.1%
Daydreamin'
67.6%
Lovin' It
66.8%
Knew Better (Part II)
66.4%
Better Left Unsaid
66.1%
Just a Little Bit of Your Heart (performed from February 25-March 7)
64.1%
Pink Champagne
59.9%
Santa Tell Me (replacing 'Tattooed Heart')
58.5%
December (replacing 'Right There')
50.3%
Special Song
49%
True Love (replacing 'You'll Never Know')
47.6%
Wit It This Christmas (replacing 'Break Your Heart Right Back')
46%
All My Love (performed from February 25-October 15)
45.3%
Adore (added to the setlist on October 18)
42%
Winter Things (added to the setlist November 9)
41.5%
boyfriend (added to the setlist on August 17)
39.7%
Somewhere Over the Rainbow (added to the setlist on June 7)
38%
I'm Every Woman (Whitney Houston cover) + Vogue (Madonna cover) [performed from June 28-August 26]
26.3%
Quiz Playlist
Details
Report
Send in Message
Add To Playlist
Classic:
Type in answers that appear in a list
Last Updated: Nov 15, 2019
Quiz Scoreboard
CHALLENGE
Sign Up to Join the Scoreboard
Show All
Scores
Hide
Comments
May contain spoilers
Recently Published
Movies - When Are They Set?
by FPL_Elf
Movies
5m
Popular People in 1961
by mucciniale
History
6m
1-10 Letter E Words III
by El_Dandy
Language
2m
More to Explore
Quiz From the Vault
Featured Blog Post
Where Did the Easter Bunny Come From?
hide this ad
You Might Also Like...
Tags
Ariana Grande
enlist
grande
tour
Today's Top Quizzes in Music
Browse Music
hide this ad
Top Contributed Quizzes in Music
1
Taylor Swift All Songs (2024)
2
2010s Album by Cover III
3
One Thing in Common: Music
4
Guess the Artist- 70s Songs
5
Taylor Swift Logic Puzzle
6
Guess the Taylor Swift song (Mystery Song)
7
2010s Album by Cover IV
8
2010s Album by Cover V
9
KPOP LOGIC QUIZ
10
2010s Album by Cover VI
Explore More
Trending Topics
Anime
Crossword
NBA
Marvel
Kpop
Harry Potter
Disney
Puzzle
NFL
The Office
Country
Song
Soccer
Pokémon
WWE
hide this ad
More By:
bigbadstiles
Quiz
Plays
Rating
Category
Featured
Created
Ariana Grande tour setlists
1,693
4.00
Music
Feb 8, 2017
Taylor Swift tours setlists
834
5.00
Music
Nov 26, 2021
Fifth Harmony tour setlists
780
5.00
Music
Jan 26, 2017
Mariah Carey tours setlist
750
5.00
Music
Apr 14, 2017
Little Mix tours setlists
546
5.00
Music
Sep 11, 2017
Go to Creator's Profile
Score Distribution
Quiz Creator Spotlight
bigbadstiles
Follow
Send a Message
Quizzes Created
-
Created Quiz Play Count
-
More By This Creator
Popular Quizzes Today
1
Find the US States - No Outlines Minefield
2
Find the Countries of Europe - No Outlines Minefield
3
The Countries of the World
4
Popular People in 1961
5
1-10 Letter E Words III
6
US States
7
Find the US States
8
One Thing in Common: World Cities II
More Music Quizzes
Can You Fill Me In? 1970s Songs XIII
Quiz Lab
Trending Quizzes
Risky Map Clicking: Least Populous States A-Z
1-10 Letter F Words
Humor Books: The Subtitles
1-10 Letter G Words
One Thing in Common: United Kingdom
Recently Updated
Leaping Animals
pecheneg
Reality TV Shows (A-Z)
bhenderson79
Rickey Henderson's Hall of Fame Teammates
pecheneg
Champions League XIs: Arsenal
pecheneg
Quick Pick: Celebrities in WWE's Hall of Fame
aduchscher
A-Z Keypad Blitz II
pecheneg
Multiple Oscar Actors
pecheneg
Mystery Phrase Blitz: Oscar 'Best Actors'
pecheneg
F. Scott Fitzgerald Novels
LTH
Pick 3 Villains
ddd62291
Trending Topics
Disney
Marvel
Kpop
Anime
NBA
Crossword
Harry Potter
The Office
Pokémon
WWE
Puzzle
Song
Country
NFL
Soccer
Your Account Isn't Verified!
In order to create a playlist on Sporcle, you need to verify the email address you used during registration. Go to your
Sporcle Settings
to finish the process.
Report this User
Report this user for behavior that violates our
Community Guidelines
.
Details:
Send Report
Go to the Sporcle.com Mobile Site →
Comments